| 000 | 00535nam a2200217Ia 4500 | ||
|---|---|---|---|
| 008 | 170918s9999 xx 000 0 und d | ||
| 020 | _a9781606310588 | ||
| 050 | _bB915 2009 | ||
| 100 | _aBryani, Megan | ||
| 245 | _aOh my Gods! : | ||
| 245 | _ba look-it-up guide to the Gods of mythology / | ||
| 245 | _cMegan E. Bryant. | ||
| 260 | _aNew York : | ||
| 260 | _bScholastic, | ||
| 260 | _c2009 | ||
| 300 | _a128 pages : | ||
| 300 | _bcolored illustration ; | ||
| 300 | _c23cm. | ||
| 440 | _aMythlopedia. | ||
| 500 | _a960 | ||
| 999 |
_c342221 _d342221 |
||